| 000 | 00509nam a22001937a 4500 | ||
|---|---|---|---|
| 003 | OSt | ||
| 005 | 20140310182310.0 | ||
| 008 | 121115t xxu||||| |||| 00| 0 eng d | ||
| 020 | _a01991570X | ||
| 050 |
_aPZ 7 _b.Is79 2001 |
||
| 082 |
_aFIC _bIs3e 2001 |
||
| 100 |
_aIsherwood, Shirley _920888 |
||
| 245 |
_aEva / _cShirley Isherwood. |
||
| 260 |
_aUnited Kingdom : _bAshford Clour Press Ltd., _c2001. |
||
| 300 |
_a126 p. : _c20 cm. |
||
| 650 |
_aFiction _9746 |
||
| 942 |
_2lcc _cBK-FIC |
||
| 999 |
_c11677 _d11677 |
||